Breve historia del modernismo /

Guardado en:
Autor Principal: Henríquez Ureña, Max
Formato: Libro
Publicado: México-buenos Aires : Fondo de Cultura Econ¢mica, 1962
Edición:2a. ed.
Materias:
Etiquetas: Agregar Etiqueta
Sin Etiquetas, Sea el primero en etiquetar este registro!
LEADER 00582nam a22001935a 4500
001 CEM.cems003203
005 20060221000000.0
008 130507s1962##################000#0#####d
003 CEMS
082 0 4 |a H860.3 
100 1 |a Henríquez Ureña, Max 
245 1 0 |a Breve historia del modernismo /  |c Max Henríquez Ureña 
250 |a 2a. ed. 
260 |a México-buenos Aires :  |b Fondo de Cultura Econ¢mica,  |c 1962 
300 |a 559 p. 
653 |a Literatura 
653 |a Literatura hispanoamericana 
653 |a Modernismo 
859 |a CEMS  |b BIB. CEMS - 11 de abril  |h H860.3  |i H435a2  |p 5559.76  |t Ej.1